51 greatest modern heroes : heroes who changed the world (Record no. 196424)
[ view plain ]
| 000 -LEADER | |
|---|---|
| fixed length control field | 00461nam a2200181Ia 4500 |
| 003 - CONTROL NUMBER IDENTIFIER | |
| control field | OSt |
| 005 - DATE AND TIME OF LATEST TRANSACTION | |
| control field | 20250131104626.0 |
| 008 - FIXED-LENGTH DATA ELEMENTS--GENERAL INFORMATION | |
| fixed length control field | 231217s9999 xx 000 0 und d |
| 020 ## - INTERNATIONAL STANDARD BOOK NUMBER | |
| International Standard Book Number | 9788184950397 |
| 040 ## - CATALOGING SOURCE | |
| Transcribing agency | 0 |
| 041 ## - LANGUAGE CODE | |
| Language code of text/sound track or separate title | English |
| 082 ## - DEWEY DECIMAL CLASSIFICATION NUMBER | |
| Classification number | 920.02 OTT;1 R |
| 100 ## - MAIN ENTRY--PERSONAL NAME | |
| Personal name | Otto, Lucas. |
| 245 #0 - TITLE STATEMENT | |
| Title | 51 greatest modern heroes : heroes who changed the world |
| 260 ## - PUBLICATION, DISTRIBUTION, ETC. | |
| Date of publication, distribution, etc. | 2012 |
| Name of publisher, distributor, etc. | Jaico Publishing |
| Place of publication, distribution, etc. | Ahmedabad |
| 300 ## - PHYSICAL DESCRIPTION | |
| Extent | xii, 211 |
| 942 ## - ADDED ENTRY ELEMENTS (KOHA) | |
| Koha item type | Books |
| Source of classification or shelving scheme | Dewey Decimal Classification |
| Date last seen | Total checkouts | Full call number | Accession number | Cost, total (INR) price | Price effective from | Category | Lost status | Damaged status | Department | Withdrawn status | Home library | Current library | Shelving location | Entry date | Vendor | Cost, normal purchase price | Grants | Billnumber | Currency symbol | Conversion rate | Discount | Old discount |
|---|---|---|---|---|---|---|---|---|---|---|---|---|---|---|---|---|---|---|---|---|---|---|
| 26/01/2024 | 920.02 OTT;1 R | 88649 | 236.00 | 26/01/2024 | Books | Central Library | Central Library | Central Library | Central Library | 13/05/2014 | K.V.Sreenivasan | 295.00 | GEN | 825 | RS | 1 | 59 | 20 |
